Leader xxxxxxxxxx
001 __ PCLIS00051278
005 __ 20210730083250.0
010 0_ |a978-986-92364-7-8|b平裝|dNT$320
042 __ |anbim
100 __ |a20170720d2017 m y0chiy09 e
101 0_ |achi
102 __ |atw
105 __ |ay z 000ay
200 1_ |a房思琪的初戀樂園|e|f林奕含著
205 __ |a初版
210 __ |a臺北市|c游擊文化出版|c前衛總經銷|d2017[民106]
215 0_ |a[254]面|c|d21公分
225 1_ |aMisfits|v4
300 __ |a改編自真人真事
327 __ |a目錄: 推薦語 / 駱以軍、湯舒雯--第一章, 樂園--第2章, 失樂園--第3章, 復樂園--書評 : 羅莉塔,不羅莉塔:21世紀的少女遇險記 / 張亦絢 ; 任何關於性的暴力,都是整個社會一起完成的。 / 蔡宜文--後記
606 __ |2cst|a小說
681 __ |a857.7|b8766
700 _1 |a林|b奕含|f1991-2017|4著
702 __ |a|b|4
801 _0 |atw|bLibDipper|c20170720|gCCR
801 _1 |atw|b內湖高中|c20170725|gCCR
801 _2 |atw|b內湖高中|c20170725|gCCR
|